| 000 | 00603cam a2200229 a 4500 | ||
|---|---|---|---|
| 001 | 3805908 | ||
| 005 | 20180822073456.0 | ||
| 008 | 850910s1986 au a b 001 0 eng c | ||
| 010 | _a 85022260 | ||
| 020 | _a0387818782 (U.S.) | ||
| 040 |
_aDNLM/DLC _cDLC _dDLC |
||
| 041 | _aeng | ||
| 060 | _aWL 368 B742s | ||
| 080 | _a617.48 | ||
| 082 | 0 | 0 |
_a617.48 _219 |
| 100 | 1 | _a7 | |
| 101 | _aNEU | ||
| 245 | 1 | 0 |
_aStereotactic techniques in clinical neurosurgery / _cD. Andries Bosch. |
| 504 | _aBibliography: p. [250]-272. | ||
| 906 |
_a7 _bcbc _corignew _d1 _eocip _f19 _gy-gencatlg |
||
| 942 |
_2ddc _cBK |
||
| 999 |
_c47255 _d47255 |
||